000 003790000a22001570004500
003 LK-CoMWRAF
008 230817t1994 ||||| |||| 00| 0 eng d
040 _aLK-CoMWRAF
_dLK-CoMWRAF
_eLK-CoMWRAF
041 _aeng
082 _a024
_bAHA
100 _aAhamed, Thassim
245 _aSulatchikal
_b
260 _aMaruthamunai
_bAnnai Veliyeettakam
_c1994
300 _ap.84
942 _cBK
999 _c60
_d60